| 000 | 01259nam a2200349 a 4500 | ||
|---|---|---|---|
| 001 | 000026372 | ||
| 003 | DO-SdBNP | ||
| 005 | 20250320095246.0 | ||
| 007 | ta | ||
| 008 | 081127s2003 dr a 000 0 spa d | ||
| 020 | _a9945406000 | ||
| 040 |
_aDO-SdBNP _bspa _cBNPHU |
||
| 082 | 4 |
_a922.9 _bM425C _222 |
|
| 100 | 1 |
_aCassá, Roberto, _d1948- _910888 |
|
| 245 | 1 | 0 |
_aOlivorio Mateo : _bel profeta de la Maguana / _cRoberto Cassá ; ilustraciones Ramiro Manzano. |
| 260 |
_aSanto Domingo : _bTobogán, _c2003 _fEditora Alfa & Omega |
||
| 300 |
_a76 páginas : _bilustracione ; _c21 cm. |
||
| 336 |
_atexto _btxt _2rdacontent |
||
| 337 |
_asin mediación _bn _2rdamedia |
||
| 338 |
_avolumen _bnc _2rdacarrier |
||
| 490 | 0 | _aBiografías dominicanas Tobogan ; | |
| 504 | _aBibliografía páginas: 75-76 | ||
| 590 | _aInventariado, 2019/ YL | ||
| 600 | 1 | 4 |
_aMateo, Olivorio _913807 |
| 650 | 0 |
_aMovimientos sociales _zRepública Dominicana _923226 _2LEMB |
|
| 650 |
_aLideres religiosos _zRepública Dominicana _984707 |
||
| 650 |
_aReligiosidad popular _zRepública Dominicana _983070 |
||
| 651 | 4 |
_aRepública Dominicana _xBiografías _91325 |
|
| 700 | 1 |
_aManzano, Ramiro, _eilustrador _9768 |
|
| 910 | _aValidado. Control de Calidad/MAA | ||
| 942 |
_2ddc _cLBS1 |
||
| 999 |
_c25864 _d25864 |
||